| 000 | 00935nam a22002297a 4500 | ||
|---|---|---|---|
| 999 |
_c2091 _d2091 |
||
| 003 | AR-CdUCM | ||
| 008 | 190301b ||||| |||| 00| 0 spa d | ||
| 040 |
_aMUNICIPALIDAD PROVINCIAL DEL CUSCO _cBIBLIOTECA MUNICIPAL DEL CUSCO |
||
| 082 |
_a335.0218 / _bP76 |
||
| 100 |
_aPomeroy, William _97566 |
||
| 245 | _aGuerrillas y contraguerrillas / | ||
| 260 |
_aMexico : _bEditorial Grijalbo, _c1967. |
||
| 300 |
_a157 paginas ; _c18 cm. |
||
| 440 |
_aColección _n70 _92202 |
||
| 505 | _aContenido: El porque de las guerrillas -- La guerra de guerrillas en la historia norteamericana -- El programa norteamericano de represión mundial -- Las raíces sociales de las guerras de guerrillas populares -- El modelo Filipino ... | ||
| 650 |
_a2 da guerra mundial _97567 |
||
| 650 |
_aEl anti imperialismo _97568 |
||
| 650 |
_aEl capitalismo _97569 |
||
| 700 |
_aMolina S, Oscar Luis (traductor) _97570 |
||
| 942 |
_2ddc _cLIBROS |
||
| 945 | _arum | ||